Sobre un espai de funcions enteres d'ordre infinit / Ferran Sunyer i Balaguer...
Descripción Física:
36 p. ; 24 cm
Colección:
Arxius de la Secció de Ciències ; 33
MARC
| LEADER | 00000nam a2200000Ia 4500 | ||
|---|---|---|---|
| 001 | 10394 | ||
| 008 | 160829s1967 xx 000 0 cat d | ||
| 080 | |a FU-11-45 | ||
| 100 | |a Sunyer i Balaguer, Ferran |9 31705 | ||
| 245 | |a Sobre un espai de funcions enteres d'ordre infinit / Ferran Sunyer i Balaguer... | ||
| 260 | |a Barcelona : |b Institut d'Estudis Catalans, |c 1967 | ||
| 300 | |a 36 p. ; |c 24 cm | ||
| 490 | |a Arxius de la Secció de Ciències ; 33 | ||
| 590 | |a Premi Antoni Martí i Franquès, 1966. | ||
| 590 | |a Bibliografia | ||
| 650 | |a Anàlisi funcional |9 31706 | ||
| 650 | |a Infinit (Matemàtica) |9 31707 | ||
| 710 | 2 | |a Institut d'Estudis Catalans |9 52284 | |
| 901 | |a Arxiu | ||
| 942 | |n 1 | ||
| 952 | |0 0 |1 0 |4 0 |6 FU1145 |7 1 |9 45731 |a Arxiu |b Arxiu |d 2016-12-01 |l 0 |o FU-11-45 |p 10394 |r 2016-12-01 00:00:00 |w 2016-12-01 |y ARXIU | ||
| 999 | |c 49231 |d 49231 | ||